000 00589nam a22001817a 4500
005 20250122150932.0
008 250122b |||||||| |||| 00| 0 eng d
020 _a9781138208056
050 _aRA410
_b.F65
100 _aFolland, Sherman
245 _aThe Economics of Health and Health Care/
_binternational edition
_cSherman Folland, Allen C. Goodman, Miron Stano
250 _a8th ed.
260 _aLondon and New York
_bRoutledge Taylor & Francis Group
_c2017
300 _a751p.
_bill.
_c24.5cm
700 _aGoodman, Allen C.
700 _aStano, Miron
942 _2lcc
_cBK
_e8th ed.
_n0
999 _c2819
_d2819